CATÁLOGO PÚBLICO DE LA BIBLIOTECA OSCAR VARSAVSKY

Propuesta de indicadores de gestión para la Unidad de Auditoría Interna del Instituto Nacional de Geología y Minería (Registro nro. 1114)

Detalles MARC
000 -CABECERA
campo de control de longitud fija 01404nam a22002057a 4500
001 - NÚMERO DE CONTROL
campo de control T027600013338
008 - DATOS DE LONGITUD FIJA--INFORMACIÓN GENERAL
campo de control de longitud fija 181014b xve||||| m 0 e0p | esp
040 ## - FUENTE DE LA CATALOGACIÓN
Centro catalogador/agencia de origen FEVP
Centro/agencia transcriptor FEVP
041 ## - CÓDIGO DE LENGUA
Código de lengua del texto/banda sonora o título independiente spa
099 ## - SIGNATURA TOPOGRÁFICA LOCAL
Sigla especial EVP T-G.P.
Cutter D542
100 ## - ENTRADA PRINCIPAL--NOMBRE DE PERSONA
Apellido (s), Nombre (s) Díaz, Luis Alberto
245 ## - MENCIÓN DE TÍTULO
Título Propuesta de indicadores de gestión para la Unidad de Auditoría Interna del Instituto Nacional de Geología y Minería
260 ## - PUBLICACIÓN, DISTRIBUCIÓN, ETC. (PIE DE IMPRENTA)
Fecha de publicación, distribución, etc. Octubre, 2008
300 ## - DESCRIPCIÓN FÍSICA
Extensión 58 pp.
500 ## - NOTA GENERAL
Nota general Impreso
502 ## - NOTA DE TESIS
Nota de tesis TESIS -- Especialista, Especialista en Gerencia Pública
520 ## - NOTA DE RESUMEN, ETC. (R)
Sumario, etc. La Unidad de Auditoría Interna del Instituto Nacional de Geología y Minería (INGEOMIN) no dispone de un sistema de indicadores de gestión, que le permita realizar el seguimiento, evaluación, y control de metas y objetivos planificados. La presente investigación, pretende elaborar una propuesta de Indicadores de Gestión que le permita a la Unidad de Auditoría Interna de INGEOMIN, de tal forma que nuestra muestra es igual al 100% de la población. La metodología empleada para abordar esta investigación es de tipo Explicativa-Descriptiva-Correlacional, ya que se describirán las variables y se explicará la relación entre variables que midan con mayor precisión la gestión de la Unidad en estudio, además mide la relación entre dos o más variables y su comportamiento.
700 ## - PUNTO DE ACCESO ADICIONAL--NOMBRE DE PERSONA
Nombre de persona González Caro, Jorge
Término indicativo de función/relación Tutor
942 ## - ELEMENTOS DE PUNTO DE ACCESO ADICIONAL (KOHA)
Tipo de ítem Koha Tesis
Existencias
Estado de retiro Estado de pérdida Fuente del sistema de clasificación o colocación Estado dañado No para préstamo Localización permanente Ubicación/localización actual Fecha de adquisición Total de préstamos Signatura topográfica completa Código de barras Fecha visto por última vez Precio válido a partir de Tipo de ítem Koha
          Oscar Varsavsky Oscar Varsavsky 31.10.2018   EVP T-G.P. D542 T027600017059 31.10.2018 31.10.2018 Tesis